• 首页
  • 本馆介绍
  • 公告通知
  • 最新文献
  • 馆藏检索
  • 电子资源
  • 读者导购
  • 参考咨询
  • 我的图书馆
  • 登录
  • 详细信息显示
  • 放入我的书架
  • 预约/预借图书
  • 作者相关作品
  • 分类相关作品
  • 丛书相关作品
  • 出版社相关作品

书目信息

  • 表格格式
  • 工作单格式
  • 卡片格式
题名:
教堂的故事
    
 
作者: 罗伯特 著 ;北京世建图书翻译室 译
分册:  
出版信息: 北京   中国电影出版社  2005
页数: 230页
开本: 24cm
丛书名: 神秘之旅
单 册:
中图分类: TU-098.3
科图分类:
主题词: 教堂--宗教建筑--建筑史--世界
电子资源:
ISBN: 7-106-02191-1
000 01064oam2 2200277 450
001 1548958520
005 20150118133623.09
010    @a7-106-02191-1@dCNY45.00
100    @a20050628d2005 em y0chiy50 ea
101 1  @achi@ceng
102    @aCN@b110000
105    @aa z 000yd
200 1  @a教堂的故事@9jiao tang de gu shi@e圣殿上的历史秘辛@f( )戈林·罗伯特著@g北京世建图书翻译室译
210    @a北京@c中国电影出版社@d2005
215    @a230页@c照片,图@d24cm
225 2  @a神秘之旅@e世界建筑人文故事
330    @a本书通过对27座世界经典教堂建筑的扫描,挖掘隐藏在建筑里的历史人物和历史故事,使读者对世界著名教堂建筑相关历史背景有一个系统的认识,感受历史文明的伤痛和辉煌。
461  0 @12001 @a神秘之旅
510 1  @aThe Story of Church@zeng
517 1  @a圣殿上的历史秘辛@9sheng dian shang de li shi mi xin
606 0  @a教堂@x宗教建筑@x建筑史@y世界
690    @aTU-098.3@v5
701  0 @c(美)@a罗伯特@9luo bo te@4著
712 02 @a北京世建图书翻译室@9bei jing shi jian tu shu fan yi shi@4译
801  0 @aCN@bTSSF@c20150118
905    @aZUCC@dTU-098.3@eJY70
    
    教堂的故事:圣殿上的历史秘辛/( )戈林·罗伯特著/北京世建图书翻译室译.-北京:中国电影出版社,2005
    230页:照片,图;24cm.-(神秘之旅:世界建筑人文故事)
    
    
    ISBN 7-106-02191-1:CNY45.00
    本书通过对27座世界经典教堂建筑的扫描,挖掘隐藏在建筑里的历史人物和历史故事,使读者对世界著名教堂建筑相关历史背景有一个系统的认识,感受历史文明的伤痛和辉煌。
●
相关链接 在E读中查询图书 在五车中查询图书 在当当中查询图书 在豆瓣中查询图书


正题名:教堂的故事     索取号:TU-098.3/JY70         预约/预借

序号 登录号 条形码 馆藏地/架位号 状态 备注
1 7849048   278490483   学院路分馆/ [索取号:TU-098.3/JY70] 在馆    
2 7849049   278490492   学院路分馆/ [索取号:TU-098.3/JY70] 在馆    
唐山师范学院图书馆 欢迎您!
大连网信软件有限公司© 版权所有